Statistiques concernant Devinez le Pays mystère - N°8

Cliquez ici pour prendre le quiz!

Statistiques générales

  • Ce quiz a été pris 391 fois
  • Le résultat moyen est 4 sur 7

Statistiques - réponses

Type de quizRéponse% Correct
LettreA
79%
LettreI
72%
LettreË
47%
LettreR
46%
RéponseIsraël
43%
LettreL
43%
LettreS
43%

Distribution des résultats

Percentile par nombre de réponses

% des personnes avec chaque résultat

Votre développement - résultats

Vous n’avez pas pris ce quiz